000 00308cam a22001097a 4500
008 180718b1934 xxu||||| |||| 00| 0 eng d
082 _aA99 Ox2/2
100 _aH.H.A.
245 _aLetters of the Earl of oxford and asquith to a friend
_cby H.H.A.
260 _aLondon
_bGeoffrey Bles
_c1934
300 _axi, 211p
999 _c415646
_d415646